000 00292nam a22001337a 4500
008 190306b xxu||||| |||| 00| 0 eng d
020 _a0397503911
041 _aeng
080 _a617
100 _a8
101 _aORT
245 _aPediatric Orthopaedics
_cLovell,W.W
942 _2udc
_cBK
999 _c54601
_d54601